书目信息 |
| 题名: |
建筑施工测量技术
|
|
| 作者: | 贺太全 主编 | |
| 分册: | ||
| 出版信息: | 北京 金盾出版社 2016.03 |
|
| 页数: | 234页 | |
| 开本: | 26cm | |
| 丛书名: | ||
| 单 册: | ||
| 中图分类: | TU198 | |
| 科图分类: | ||
| 主题词: | 建筑测量 , 建筑测量--建筑制图 | |
| 电子资源: | ||
| ISBN: | 7-5186-0753-0 | |
| 000 | 00592nam0 2200205 450 | |
| 001 | 23 | |
| 005 | 20160906085809.70 | |
| 010 | @a7-5186-0753-0@dCNY52.00 | |
| 100 | @a20160901d2016 km y0chiy0120 ea | |
| 101 | 0 | @achi |
| 102 | @aCN@b110000 | |
| 200 | 1 | @a建筑施工测量技术@Ajian zhu shi gong ce liang ji shu@f贺太全主编@Fhe tai quan zhu bian |
| 210 | @a北京@c金盾出版社@d2016.03 | |
| 215 | @a234页@d26cm | |
| 606 | 0 | @a建筑测量 |
| 606 | 0 | @a建筑测量@x建筑制图 |
| 690 | @aTU198@v4 | |
| 701 | 0 | @a贺太全@Ahe tai quan@4主编 |
| 801 | 0 | @aCN@b唐山师范学院图书馆@c20160901 |
| 905 | @aZUCC@dTU198@e720 | |
| 建筑施工测量技术/贺太全主编.-北京:金盾出版社,2016.03 |
| 234页;26cm |
| ISBN 7-5186-0753-0:CNY52.00 |
| ● |
| 相关链接 |
|
|
|
|
正题名:建筑施工测量技术
索取号:TU198/720
 
预约/预借
| 序号 | 登录号 | 条形码 | 馆藏地/架位号 | 状态 | 备注 |
| 1 | 900096 | 209000962 | 第二样本阅览室/ [索取号:TU198/720] | 在馆 | |
| 2 | 900097 | 209000971 | 第三借阅区/ [索取号:TU198/720] | 在馆 | |
| 3 | 900098 | 209000980 | 第三借阅区/ [索取号:TU198/720] | 在馆 | |
| 4 | 900099 | 209000999 | 第三借阅区/ [索取号:TU198/720] | 在馆 | |
| 5 | 900100 | 209001006 | 第三借阅区/ [索取号:TU198/720] | 在馆 |